Statistical abstract, 2008. (Record no. 191)
[ view plain ]
| 000 -LEADER | |
|---|---|
| fixed length control field | 00943cam a2200301 a 4500 |
| 001 - CONTROL NUMBER | |
| control field | 15882747 |
| 003 - CONTROL NUMBER IDENTIFIER | |
| control field | OSt |
| 005 - DATE AND TIME OF LATEST TRANSACTION | |
| control field | 20230602151602.0 |
| 008 - FIXED-LENGTH DATA ELEMENTS--GENERAL INFORMATION | |
| fixed length control field | 090826s2008 ii s 000 0 eng |
| 010 ## - LIBRARY OF CONGRESS CONTROL NUMBER | |
| LC control number | 2009346823 |
| 020 ## - INTERNATIONAL STANDARD BOOK NUMBER | |
| International Standard Book Number | 9966767150 |
| 025 ## - OVERSEAS ACQUISITION NUMBER | |
| Overseas acquisition number | I-E-2009-346823; 78-35; 79-35 |
| 037 ## - SOURCE OF ACQUISITION | |
| Source of stock number/acquisition | Library of Congress -- New Delhi Overseas Office |
| 040 ## - CATALOGING SOURCE | |
| Original cataloging agency | DLC |
| Transcribing agency | DLC |
| Modifying agency | DLC |
| 042 ## - AUTHENTICATION CODE | |
| Authentication code | lcode |
| 043 ## - GEOGRAPHIC AREA CODE | |
| Geographic area code | a-ii--- |
| 082 ## - DEWEY DECIMAL CLASSIFICATION NUMBER | |
| Classification number | 316.6762 |
| Item number | KNB |
| 100 ## - MAIN ENTRY--PERSONAL NAME | |
| Titles and words associated with a name | KNBS |
| 245 00 - TITLE STATEMENT | |
| Title | Statistical abstract, 2008. |
| 260 ## - PUBLICATION, DISTRIBUTION, ETC. (IMPRINT) | |
| Place of publication, distribution, etc. | Delhi : |
| Name of publisher, distributor, etc. | Directorate of Economics & Statistics, |
| Date of publication, distribution, etc. | 2008. |
| 300 ## - PHYSICAL DESCRIPTION | |
| Extent | 97 p. ; |
| Dimensions | 31 cm. |
| 500 ## - GENERAL NOTE | |
| General note | Chiefly statistical tables. |
| 651 #0 - SUBJECT ADDED ENTRY--GEOGRAPHIC NAME | |
| Geographic name | Delhi (India : Union Territory) |
| Form subdivision | Statistics. |
| 710 2# - ADDED ENTRY--CORPORATE NAME | |
| Corporate name or jurisdiction name as entry element | Delhi (India : Union Territory). |
| Subordinate unit | Directorate of Economics & Statistics. |
| 906 ## - LOCAL DATA ELEMENT F, LDF (RLIN) | |
| a | 7 |
| b | cbc |
| c | origode |
| d | 3 |
| e | ncip |
| f | 20 |
| g | y-gencatlg |
| 942 ## - ADDED ENTRY ELEMENTS (KOHA) | |
| Source of classification or shelving scheme | Dewey Decimal Classification |
| Koha item type | Books |
| Withdrawn status | Lost status | Source of classification or shelving scheme | Damaged status | Not for loan | Home library | Current library | Date acquired | Total Checkouts | Full call number | Barcode | Date last seen | Price effective from | Koha item type |
|---|---|---|---|---|---|---|---|---|---|---|---|---|---|
| Dewey Decimal Classification | Bunge Tower Library | Bunge Tower Library | 06/02/2023 | 316.6762 KNB | 10014962 | 06/02/2023 | 06/02/2023 | Books | |||||
| Dewey Decimal Classification | Bunge Tower Library | Bunge Tower Library | 06/02/2023 | 316.6762 KNB | 10014963 | 06/02/2023 | 06/02/2023 | Books | |||||
| Dewey Decimal Classification | Bunge Tower Library | Bunge Tower Library | 06/05/2023 | 316.6762 KNB | 10015821 | 06/05/2023 | 06/05/2023 | Books | |||||
| Dewey Decimal Classification | County Hall Archives | County Hall Archives | 06/20/2023 | 316.6762 KNB | 10015950 | 06/20/2023 | 06/20/2023 | Books | |||||
| Dewey Decimal Classification | County Hall Archives | County Hall Archives | 06/20/2023 | 316.6762 KNB | 10015949 | 06/20/2023 | 06/20/2023 | Books |
